=LDR 00000nam 2200000 4500 =001 INLIS000000000037619 =005 20130612143338 =008 ***********************************Ind** =035 ##$$0010-061300000037619 =041 ##$$a Ind =082 ##$$a 616.614 =090 ##$$a 616.614, Med m =245 ##$$a Medikal bedah renal dan urologi, editor, Lyndon Saputra =260 ##$$a 2012 $b Jakarta =300 ##$$a 239 hlm, ilus, 18 cm =650 ##$$a Renal dan urologi =850 ##$$a NBPNMAT =990 ##$$a 21400613/BPAP-NTB/20142014 =990 ##$$a 0001/BPAP-NTB/2015